Statistics for British Universities (2016 Edition)

Click here to take the quiz!

General Stats

  • This quiz has been taken 76 times
    (58 since last reset)
  • The average score is 64 of 194

Answer Stats

HintAnswer% Correct
University of Oxford
98%
University of Cambridge
93%
University of Edinburgh
93%
University of Liverpool
93%
University of Aberdeen
91%
University of Chester
91%
University of Glasgow
91%
University of London
89%
University of Manchester
89%
Cardiff University
85%
>Cardiff University School of Medicine
85%
University College Birmingham
85%
University of Birmingham
85%
University of Bristol
85%
University of Leeds
85%
Newcastle University
83%
University of Nottingham
83%
University of Leicester
80%
>London School of Economics and Political Science (LSE)
78%
Swansea University
78%
University of Southampton
78%
University of York
76%
Durham University
74%
Queen's University Belfast
74%
University of Sheffield
74%
University of Exeter
70%
University of Plymouth
70%
University of Bath
67%
>King's College London
65%
Lancaster University
65%
University of Kent
65%
University of Portsmouth
65%
University of Lincoln
63%
University of Reading
63%
University of Warwick
63%
University of Dundee
61%
University of St Andrews
61%
>University College London (UCL)
59%
University of East Anglia
59%
University of Sunderland
59%
University of Sussex
59%
>Imperial College at Wye
57%
Imperial College London
57%
University of Derby
57%
Aberystwyth University
54%
Manchester Metropolitan University
54%
University of Brighton
54%
University of Hull
54%
Aston University
52%
Canterbury Christ Church University
52%
Nottingham Trent University
52%
Oxford Brookes University
52%
University of Essex
52%
University of Surrey
52%
University of Northampton
50%
Keele University
48%
The Arts University Bournemouth
48%
University of Bradford
48%
Bournemouth University
46%
Norwich University of the Arts
46%
>Queen Mary, University of London
46%
Sheffield Hallam University
46%
University of the West of England
46%
University of Wales, Trinity St David
46%
Loughborough University
43%
University of Central Lancashire
43%
University of Huddersfield
43%
Coventry University
41%
University of Bolton
41%
University of Salford
41%
University of Wolverhampton
41%
Bangor University
39%
Brunel University
39%
Liverpool John Moores University
39%
>University of Wales (undergoing merger)
39%
Heriot-Watt University
35%
University of Chichester
35%
University of Cumbria
35%
University of East London
35%
>University of East London School of Law
35%
University of Stirling
35%
University of Winchester
35%
>School of Oriental and African Studies
33%
University of Hertfordshire
33%
>Goldsmiths, University of London
30%
London South Bank University
30%
Northumbria University
30%
Staffordshire University
30%
The Open University
30%
Ulster University
30%
University of Buckingham
30%
University of Westminster
30%
University of Worcester
30%
Anglia Ruskin University
28%
Birmingham City University
28%
>Birmingham Conservatoire
28%
Cardiff Metropolitan University (UWIC)
28%
Leeds Trinity University
28%
Liverpool Hope University
28%
London Metropolitan University
28%
Southampton Solent University
28%
University of Bedfordshire
28%
University of St Mark & St John
28%
University of Strathclyde
28%
University of West London
28%
>City Law School
26%
>Royal Holloway, University of London
26%
University of Gloucestershire
26%
University of Greenwich
26%
Edge Hill University
24%
Falmouth University
24%
Glasgow Caledonian University
24%
Bath Spa University
22%
De Montfort University
22%
Roehampton University
22%
>St George's, University of London
22%
York St John University
22%
Kingston University
20%
Leeds Beckett University
20%
St Mary's University
20%
Teesside University
20%
University of the Arts London
20%
University of the Highlands & Islands
20%
University of the West of Scotland
20%
Abertay University
17%
City University London
17%
>>Royal Academy of Dramatic Art
17%
>St Mary's University College
17%
>Chelsea College of Art and Design
15%
Edinburgh Napier University
15%
The Robert Gordon University
15%
Cranfield University
13%
Middlesex University
13%
Queen Margaret University
13%
Royal Agricultural University
13%
>Swansea Metropolitan University (undergoing merger)
13%
>Birkbeck, University of London
11%
>Hull York Medical School
11%
Buckinghamshire New University
9%
University Centre at Blackburn College
9%
>Central Saint Martins College of Art and Design
7%
>Royal Veterinary College
7%
University for the Creative Arts
7%
University of Law
7%
University of South Wales
7%
>Wimbledon College of Art
7%
Bishop Grosseteste University
4%
>Brighton and Sussex Medical School
4%
>Courtauld Institute of Art
4%
Glyndwr University
4%
Harper Adams University
4%
BPP University
2%
>Cass Business School
2%
>Dartington College of Arts
2%
>Heythrop College
2%
>>Institute of Cardiovascular Science
2%
>Liverpool School of Tropical Medicine
2%
>London Business School
2%
>London School of Hygiene and Tropical Medicine
2%
Newman University
2%
Regent's University London
2%
>Royal Academy of Music
2%
Royal College of Art
2%
>School of Advanced Study
2%
>Stranmillis University College
2%
>Camberwell College of Arts
0%
>Camborne School of Mines
0%
>Cardiff International Academy of Voice
0%
>>Eastman Dental Institute
0%
>>Institute for the Study of the Americas
0%
>>Institute for Women's Health
0%
>>Institute of Advanced Legal Studies
0%
>>Institute of Archaeology
0%
>Institute of Cancer Research
0%
>>Institute of Child Health
0%
>>Institute of Classical Studies
0%
>>Institute of Commonwealth Studies
0%
>>Institute of Education
0%
>>Institute of English Studies
0%
>>Institute of Germanic and Romance Studies
0%
>>Institute of Historical Research
0%
>>Institute of Musical Research
0%
>>Institute of Neurology
0%
>>Institute of Philosophy
0%
>>Institute of Psychiatry (IOP)
0%
>London College of Communication
0%
>London College of Fashion
0%
>London College of Music
0%
>Royal Central School of Speech and Drama
0%
>Royal School of Mines
0%
>>School of Slavonic and East European Studies (SSEES)
0%
>>UCL School of Pharmacy
0%
>University Marine Biological Station
0%
>>Warburg Institute
0%

Score Distribution

Percentile by Number Answered

Percent of People with Each Score

Your Score History

You have not taken this quiz since the last reset